| 000 | 00570cam a22002053a 4500 | ||
|---|---|---|---|
| 001 | 40325 | ||
| 003 | PGUSA | ||
| 005 | 20140828083912.0 | ||
| 008 | 120724s2012||||xxu|||||s|||||000 | eng d | ||
| 040 |
_aPGUSA _beng |
||
| 042 | _adc | ||
| 100 | 1 | _aCleland, Robert | |
| 245 | 1 | 0 |
_aTrue to a Type, Vol. II (of 2) _h[electronic resource] / _cRobert Cleland |
| 260 |
_bProject Gutenberg, _c2012 |
||
| 506 | _aPublic domain in the USA. | ||
| 516 | _aElectronic text | ||
| 830 | 0 |
_aProject Gutenberg _v40325 |
|
| 856 | 4 | 0 | _uhttp://www.gutenberg.org/ebooks/40325 |
| 942 | _cEB | ||
| 999 |
_c269578 _d269578 |
||